000 00814na a2200289 4500
001 14371
003 MIRAKIL
005 20181213154837.0
008 161031b tu 000 0
020 _a975661000X
035 _a14371
040 _aMilas
_btur
_cTR-AnCHP
041 _atur
082 _a956.1
_bG94t 2001
090 _a956.1 G94t 2001
100 _aGüler, Ali
245 _aTürklük bilgisi
_cAli Güler, Suat Akgül, Atilla Şimşek
260 _aAnkara
_bTürk Metal Sendikası Araştırma Bürosu (TÜRKAR)
_c2001
300 _aXXIV, 591 s.
_bres.; hrt.
_c23 sm.
504 _aKaynakça var.
650 _aTürk devletleri
_xTarih
650 _aTürkler
_xTarih
651 _aTürkiye
_xUygarlık
_yTarih
700 _aŞimşek, Atilla
700 _aAkgül, Suat
942 _2ddc
_cBKS
999 _c1857
_d1857